Patrología. (Record no. 171208)

MARC details
000 -LEADER
campo de control de longitud fija 00914nam a2200241 i 4500
001 - NÚMERO DE CONTROL
campo de control 171208
003 - IDENTIFICADOR DE NÚMERO DE CONTROL
campo de control ES-MaACL
005 - FECHA Y HORA DE LA ÚLTIMA TRANSACCIÓN
campo de control 20250808062754.0
008 - DATOS DE LONGITUD FIJA--INFORMACIÓN GENERAL
campo de control de longitud fija 090505s1968 sp |||| | spa d
100 1# - ENTRADA PRINCIPAL--NOMBRE DE PERSONA
Nombre de persona Quasten, Johannes.
9 (RLIN) 94490
245 10 - MENCIÓN DEL TÍTULO
Título Patrología.
Número de parte o sección de la obra 1,
Nombre de parte o sección de la obra Hasta el Concilio de Nicea /
Mención de responsabilidad, etc. Johannes Quasten ; edición española de Ignacio Oñatibia ; con la colaboración, en este volumen, de Pedro Urseolo Farre y Estanislao M. Llopart.
250 ## - MENCION DE EDICION
Mención de edición 2ª ed.
260 ## - PUBLICACIÓN, DISTRIBUCIÓN, ETC.
Lugar de publicación, distribución, etc. Madrid :
Nombre del editor, distribuidor, etc. La Editorial Católica,
Fecha de publicación, distribución, etc. 1968.
300 ## - DESCRIPCIÓN FÍSICA
Extensión 1 v. (XXI, 776 p.) ;
Dimensiones 20 cm.
490 1# - MENCIÓN DE SERIE
Mención de serie Biblioteca de autores cristianos ;
Designación de volumen o secuencia 206
650 ## - PUNTO DE ACCESO ADICIONAL DE MATERIA--TÉRMINO DE MATERIA
Término de materia o nombre geográfico como elemento de entrada Patrística.
9 (RLIN) 15895
700 1# - ENTRADA AGREGADA--NOMBRE PERSONAL
Nombre de persona Oñatibia, Ignacio.
9 (RLIN) 87114
700 1# - ENTRADA AGREGADA--NOMBRE PERSONAL
Nombre de persona Urseolo Farre, Pedro.
9 (RLIN) 140022
700 1# - ENTRADA AGREGADA--NOMBRE PERSONAL
Nombre de persona Llopart, Estanislau.
9 (RLIN) 140023
830 10 - PUNTO DE ACCESO ADICIONAL DE SERIE-TÍTULO UNIFORME
Título uniforme Biblioteca de autores cristianos
Designación de volumen o secuencia 206
9 (RLIN) 178679
852 ## - LOCALIZACIÓN
Ubicación ES-MaACL
Número de control de estantería J-202
Holdings
Estatus retirado Estado de pérdida Estado de daño No para préstamo Biblioteca de origen Biblioteca actual Ubicación en estantería Fecha de adquisición Fuente de adquisición Total de préstamos Signatura topográfica completa Código de barras Visto por última vez Precio de reemplazo Tipo de ítem Koha
        Biblioteca del Ateneo de Madrid Biblioteca del Ateneo de Madrid Depósito 2 05/05/2009     J-202 1179675 23/02/2023 23/02/2023 Libro impreso